Countries that start with B - One Minute Sprint - Statistics

General Stats
  • This quiz has been taken 109 times
  • The average score is 13 of 18
Answer Stats
Answer % Correct
Belgium
88%
Brazil
84%
Bolivia
77%
Botswana
76%
Belize
73%
Benin
73%
Bahamas
72%
Barbados
72%
Brunei
72%
Bosnia & Herzegovina
71%
Bangladesh
70%
Bhutan
67%
Bahrain
65%
Belarus
65%
Burundi
64%
Bulgaria
61%
Burkina Faso
57%
Burma
53%
No matching quizzes found
Score Distribution
Percent of People with Each Score
Percentile by Number Answered
Your Score History
You have not taken this quiz